[Event "PRO League Group Stage"]
[Site "masterchessopen.com chess.com INT"]
[Date "2017.02.15"]
[Round "6"]
[White "Bacrot,E"]
[Black "Fridman,D"]
[Result "1-0"]
[WhiteElo "2695"]
[BlackElo "2594"]

1.e4 e6 2.d3 d5 3.Nd2 Nf6 4.Ngf3 b6 5.e5 Nfd7 6.g3 c5 7.c3 Nc6 8.d4 Qc7 9.a3
a5 10.h4 h6 11.h5 Be7 12.Bd3 Ba6 13.Bxa6 Rxa6 14.Qe2 Qb7 15.Nf1 b5 16.N1h2 c4
17.O-O b4 18.axb4 axb4 19.Bd2 Qa7 20.Rxa6 Qxa6 21.Rb1 O-O 22.Qd1 Ra8 23.Ng4
Bf8 24.Ne1 b3 25.Qc1 Qa2 26.Kg2 Ne7 27.Kh2 Nf5 28.Ng2 Ra6 29.Nh4 Nxh4 30.gxh4
Kh7 31.Kh3 Ra7 32.Bf4 Ra6 33.Qg1 Ra7 34.Nh2 Ra6 35.Nf3 Be7 36.Nd2 Ra8 37.Qg4
Rg8 38.Qf3 Qa8 39.Rg1 Qe8 40.Be3 f6 41.Qg4 Qf7 42.Qg6+ Qxg6 43.hxg6+ Kh8
44.exf6 Bxf6 45.Ra1 h5 46.Nf3 Nf8 47.Rg1 Nd7 48.Ng5 Bxg5 49.Bxg5 Ra8 50.Be7
Ra2 51.Ba3 Kg8 52.Re1 Nf8 53.Kg3 Nxg6 54.Rxe6 Kf7 55.Rd6 Ra1 56.Rxd5 Rg1+
57.Kh2 Rf1 58.Rf5+ Ke6 59.Rxh5 Rxf2+ 60.Kg3 Rf1 61.Rc5 Nf4 62.Rxc4 Nd5 63.Rc5
Ra1 64.c4 Ne3 65.Re5+ {#r} 1-0

[Event "PRO League Group Stage"]
[Site "masterchessopen.com chess.com INT"]
[Date "2017.02.15"]
[Round "6"]
[White "Bacrot,Alexandre"]
[Black "Meier,Geo"]
[Result "0-1"]
[WhiteElo "2099"]
[BlackElo "2630"]

1.e4 e6 2.d4 d5 3.Nd2 c5 4.exd5 Qxd5 5.dxc5 Bxc5 6.Ngf3 Nf6 7.Bd3 Nbd7 8.O-O
b6 9.Qe2 Bb7 10.Ba6 O-O 11.Bxb7 Qxb7 12.b3 b5 13.Bb2 Rfd8 14.Rae1 Rac8 15.c4
a6 16.Ne4 Nxe4 17.Qxe4 Qxe4 18.Rxe4 Be7 19.cxb5 axb5 20.Re2 Nb6 21.Nd4 b4
22.g3 Nd5 23.Rd1 Nc3 24.Bxc3 bxc3 25.Ree1 c2 26.Nxc2 Rxc2 27.Rxd8+ Bxd8 28.Rd1
Bb6 {#R} 0-1

[Event "PRO League Group Stage"]
[Site "masterchessopen.com chess.com INT"]
[Date "2017.02.15"]
[Round "6"]
[White "Bacrot,Alexandre"]
[Black "Agrest,I"]
[Result "1-0"]
[WhiteElo "2099"]
[BlackElo "2273"]

1.e4 e5 2.Nf3 Nc6 3.Bb5 a6 4.Ba4 Nf6 5.d3 b5 6.Bb3 Bc5 7.O-O d6 8.c3 Bg4 9.Be3
O-O 10.Nbd2 Qe7 11.h3 Bh5 12.Re1 Bxe3 13.fxe3 Na5 14.Bc2 c5 15.Qe2 Nc6 16.Nf1
Rfd8 17.Ng3 Bg6 18.Nh4 d5 19.Nhf5 Qe6 20.exd5 Nxd5 21.Rf1 Nce7 22.Nxe7+ Qxe7
23.Rf3 Ra7 24.Raf1 Rad7 25.Qf2 f6 26.h4 Qe8 27.Nf5 Kh8 28.g4 Bxf5 29.gxf5 Qh5
30.Qg3 Rg8 31.Kh1 g6 32.Qh2 Rdg7 33.Bb3 c4 34.dxc4 bxc4 35.Bxc4 gxf5 36.Bxd5
Rg2 37.Qxg2 Rxg2 38.Kxg2 e4 39.Rg3 h6 40.Bc4 f4 41.Rxf4 f5 42.Rg8+ Kh7 43.Rf8
Qd1 44.R8xf5 Qd2+ 45.Rf2 Qxe3 46.h5 Qc1 47.Rf7+ Kg8 48.Rf8+ Kg7 49.R2f7# 1-0

[Event "PRO League Group Stage"]
[Site "masterchessopen.com chess.com INT"]
[Date "2017.02.15"]
[Round "6"]
[White "Barbosa,O PHI"]
[Black "Benjamin,Joe"]
[Result "1-0"]
[WhiteElo "2518"]
[BlackElo "2544"]

1.d4 Nf6 2.c4 g6 3.Nc3 Bg7 4.e4 d6 5.f3 O-O 6.Be3 a6 7.Nge2 Nbd7 8.Qd2 c5
9.dxc5 dxc5 10.Nf4 e6 11.Be2 Qc7 12.O-O Rd8 13.Rfd1 Ne8 14.Rac1 b6 15.Qe1 Bb7
16.Kh1 Ne5 17.b4 Rxd1 18.Qxd1 cxb4 19.Na4 Nd7 20.Nd3 a5 21.Qg1 Nd6 22.Nxb6
Nxb6 23.Bxb6 Qc6 24.Bd4 Bh6 25.Ne5 Qa4 26.Ng4 Bxc1 27.Qxc1 Ne8 28.Qf4 f5
29.Nh6+ Kf8 30.Qe5 Ke7 31.Qc5+ Kd7 32.Nf7 Rc8 33.Qb6 Rc7 34.c5 Qxa2 35.Bb5+
Ke7 36.Nd6 Qb1+ 37.Bg1 fxe4 38.Nxe8 Rd7 39.Bxd7 exf3 40.Qd6+ Kf7 41.Bxe6+ Kxe8
42.Qd7+ Kf8 43.Qf7# 1-0

[Event "PRO League Group Stage"]
[Site "masterchessopen.com chess.com INT"]
[Date "2017.02.15"]
[Round "6"]
[White "Barbosa,O PHI"]
[Black "Jacobson,Brandon"]
[Result "1-0"]
[WhiteElo "2518"]
[BlackElo "2225"]

1.d4 Nf6 2.Bg5 d5 3.Bxf6 exf6 4.e3 Be6 5.g3 Nd7 6.Bg2 Bd6 7.Nd2 h5 8.h4 c6
9.Ne2 f5 10.b3 Nb6 11.c3 Qe7 12.Qc2 Rc8 13.Qd3 O-O 14.O-O g6 15.Nf4 Bxf4
16.exf4 Rfd8 17.Rfe1 Qd7 18.Nf3 f6 19.a4 Bf7 20.Qc2 Re8 21.Qb2 Rxe1+ 22.Nxe1
Qd6 23.Nd3 Nd7 24.b4 Nb6 25.a5 Nc4 26.Qa2 Re8 27.Bf3 Re7 28.Nc5 Kg7 29.Nd3 Qc7
30.Rb1 a6 31.Re1 Rxe1+ 32.Nxe1 Qe7 33.Nd3 Nd6 34.Kg2 Ne4 35.Qe2 Kf8 36.Qe1 Qc7
37.Bd1 Qe7 38.Bc2 Nd6 39.Qd1 Qe4+ 40.Kg1 Qe7 41.Nc5 Ne4 42.Na4 Be8 43.Bd3 Bd7
44.Kg2 Bc8 45.Qe1 Bd7 46.f3 Nd6 47.Qc1 Be6 48.Nc5 Bc8 49.Kf2 Kf7 50.Qc2 Be6
51.Qc1 Bc8 52.Na4 Be6 53.Qc2 Kg7 54.Qe2 Kf7 55.Nb6 Bc8 56.Qa2 Be6 57.Qe2 Bc8
58.Qxe7+ Kxe7 59.g4 Kf7 60.gxh5 gxh5 61.Na4 Be6 62.Nc5 Bc8 63.Ke3 Kg6 64.Be2
Kf7 65.Kd2 Kg6 66.Kc2 Kf7 67.Kb3 Be6 68.Bd3 Ke7 69.Bf1 Kf7 70.Ka4 Ke7 71.Be2
Kf7 72.Nd3 Ke7 73.Nf2 Kf7 74.Nh1 Ke7 75.Ng3 Bf7 76.Bd3 Bg6 77.Kb3 Ke6 78.c4
dxc4+ 79.Bxc4+ Nxc4 80.Kxc4 Kd6 81.Kd3 Kd5 82.Nf1 Kd6 83.Ne3 Ke6 84.d5+ Kd6
85.Kd4 cxd5 86.Nxd5 Bf7 87.Nxf6 Ke6 88.Nd5 Kd6 89.Ne3 Be6 90.Nd1 Bd5 91.Ne3
Be6 92.Nf1 Bf7 93.Ng3 Bg6 94.Ne2 Bf7 95.Nc3 Be6 96.b5 Bf7 97.bxa6 bxa6 98.Na4
Be6 99.Nc5 Bc8 100.Kc4 Kc6 101.Nd3 Kd6 102.Ne5 Bb7 103.Kd4 Ba8 104.Nf7+ Ke6
105.Ne5 Kd6 106.Ke3 Ke6 107.Nd3 Kd6 108.Nc1 Bb7 109.Ne2 Kd5 110.Ng3 {#r} 1-0

[Event "PRO League Group Stage"]
[Site "masterchessopen.com chess.com INT"]
[Date "2017.02.15"]
[Round "6"]
[White "Indjic,A"]
[Black "Borisek,J"]
[Result "1-0"]
[WhiteElo "2560"]
[BlackElo "2565"]

1.d4 d5 2.c4 dxc4 3.Nf3 a6 4.e3 b5 5.a4 Bb7 6.b3 e6 7.bxc4 bxc4 8.Bxc4 Nf6
9.O-O Be7 10.Nbd2 c5 11.Rb1 Bd5 12.Bd3 cxd4 13.e4 Bc6 14.Qc2 Bd7 15.Nxd4 e5
16.N4f3 Nc6 17.Qc3 O-O 18.Nc4 Rb8 19.Be3 Bb4 20.Qc2 Re8 21.h3 a5 22.Rfd1 Qc7
23.Bf1 Rec8 24.Bg5 Ne8 25.Ne3 Be6 26.Nd5 Bxd5 27.exd5 Nd4 28.Qe4 Nxf3+ 29.Qxf3
Nd6 30.Ba6 Re8 31.Rbc1 Qd7 32.Rc6 f5 33.Rdc1 Ne4 34.Be3 Bd6 35.Bb5 Rf8 36.g4
Kh8 37.gxf5 Nf6 38.Ra6 Qe7 39.Rcc6 e4 40.Qg2 Bb4 41.Re6 Qc7 42.Ra7 Rb7 43.d6
Rxa7 44.dxc7 Rxc7 45.Rxf6 gxf6 {#r} 1-0

[Event "PRO League Group Stage"]
[Site "masterchessopen.com chess.com INT"]
[Date "2017.02.15"]
[Round "6"]
[White "Indjic,A"]
[Black "Pavasovic,D"]
[Result "1-0"]
[WhiteElo "2560"]
[BlackElo "2548"]

1.d4 f5 2.Nf3 Nf6 3.h3 e6 4.g4 d5 5.Rg1 g6 6.gxf5 exf5 7.Bf4 Bd6 8.Ne5 Be6
9.Nd2 Nbd7 10.e3 Qe7 11.c3 Ne4 12.Ndf3 c6 13.Bd3 Nxe5 14.Nxe5 O-O-O 15.Qa4 Kb8
16.c4 g5 17.Bh2 dxc4 18.Bxc4 Bxc4 19.Qxc4 f4 20.exf4 Rhf8 21.O-O-O Nxf2
22.Rde1 Qc7 23.Qf1 Bxe5 24.Rxe5 Nxh3 25.Qxh3 gxf4 26.Re4 Ka8 27.Qf3 Qf7 28.Kb1
Qf5 29.Ka1 Qd5 30.Rge1 a6 31.b3 Rf7 32.Kb2 Ka7 33.Bg1 Rg8 34.Bf2 h5 35.R1e2
Rg4 36.a4 a5 37.Qc3 f3 38.Re5 fxe2 39.Rxd5 cxd5 40.Qxa5+ Kb8 41.Qd8+ Ka7
42.Be1 Rf1 43.Bb4 b6 44.Qe7+ Ka8 45.Qxe2 {#r} 1-0

[Event "PRO League Group Stage"]
[Site "masterchessopen.com chess.com INT"]
[Date "2017.02.15"]
[Round "6"]
[White "Beletic,D"]
[Black "Colovic,A"]
[Result "0-1"]
[WhiteElo "2286"]
[BlackElo "2443"]

1.d4 Nf6 2.Nf3 b6 3.Bg5 Ne4 4.Bh4 Bb7 5.Nbd2 Nxd2 6.Qxd2 g6 7.e3 Bg7 8.Be2 O-O
9.O-O d6 10.Ne1 c5 11.Bf3 Qc7 12.Bxb7 Qxb7 13.c3 Re8 14.f3 Nc6 15.Nc2 Rac8
16.Qe2 b5 17.dxc5 dxc5 18.e4 b4 19.Bf2 bxc3 20.bxc3 Bxc3 21.Rab1 Qc7 22.Bxc5
Be5 23.h3 Nb8 24.Bd4 Qxc2 25.Qxc2 Bxd4+ {#R} 0-1

[Event "PRO League Group Stage"]
[Site "masterchessopen.com chess.com INT"]
[Date "2017.02.15"]
[Round "6"]
[White "Yudasin,L"]
[Black "Fishbein,A"]
[Result "1-0"]
[WhiteElo "2517"]
[BlackElo "2481"]

1.e4 c5 2.Nf3 d6 3.Bc4 Nf6 4.d3 Nc6 5.c3 g6 6.Bb3 Bg7 7.O-O O-O 8.h3 b5 9.a3
a5 10.Re1 a4 11.Bc2 Nd7 12.Nbd2 Nb6 13.Nf1 e5 14.Ne3 Be6 15.Bd2 Na5 16.Qe2 Nb3
17.Rad1 Rc8 18.Bc1 Re8 19.h4 d5 20.Bxb3 axb3 21.d4 cxd4 22.cxd4 exd4 23.Nxd4
Qxh4 24.Nxe6 Rxe6 25.exd5 Rf6 26.g3 Qh3 27.Qxb5 Nd7 28.Qf1 Qh5 29.Qe2 Qh3
30.Qg4 Qxg4 31.Nxg4 Rd6 32.Bf4 Ra6 33.Ne5 Nf6 34.Re3 Rd6 35.Nxg6 Rxd5 36.Ne7+
Kf8 37.Nxd5 Rd8 38.Rxb3 Nxd5 39.Rbd3 {#r} 1-0

[Event "PRO League Group Stage"]
[Site "masterchessopen.com chess.com INT"]
[Date "2017.02.15"]
[Round "6"]
[White "Boros,De"]
[Black "Nagle,S"]
[Result "0-1"]
[WhiteElo "2444"]
[BlackElo "2423"]

1.b3 d5 2.Bb2 Bg4 3.g3 c6 4.Bg2 Nd7 5.h3 Bh5 6.Nf3 Qc7 7.c4 dxc4 8.bxc4 e5
9.O-O Ngf6 10.Qc2 Bd6 11.Nh4 Bxe2 12.Re1 Bh5 13.d4 O-O 14.c5 Be7 15.Nf5 Rfe8
16.dxe5 Bxc5 17.Nd2 Nd5 18.Nb3 Bb6 19.Nd6 Re6 20.Rac1 Bg6 21.Qd2 Rxd6 22.exd6
Qxd6 23.Kh2 h5 24.Bd4 h4 25.Bxb6 axb6 26.Bxd5 cxd5 27.Nd4 hxg3+ 28.fxg3 Nf6
29.Nb5 Qd7 30.Qb2 Ne4 31.Rc7 Qf5 32.Qc2 Qf3 33.Qg2 Rxa2 34.Qxa2 Qxg3+ 35.Kh1
Qxe1+ 36.Kg2 Qg3+ 37.Kf1 Qd3+ 38.Kg2 Qxb5 39.Qc2 Nd6 40.Qd2 Be4+ 41.Kg3 Qf1
42.Rc1 Qf3+ 43.Kh2 f6 44.Rc3 Qh1+ 45.Kg3 Qg1+ 46.Kh4 Nf5+ {#R} 0-1

[Event "PRO League Group Stage"]
[Site "masterchessopen.com chess.com INT"]
[Date "2017.02.15"]
[Round "6"]
[White "Wheeler,Cameron"]
[Black "Javakhadze,Z"]
[Result "1-0"]
[WhiteElo "2398"]
[BlackElo "2468"]

1.d4 Nf6 2.c4 e6 3.Nf3 d5 4.g3 Be7 5.Bg2 O-O 6.O-O c6 7.Qc2 b6 8.Nbd2 Bb7 9.e4
Nbd7 10.e5 Ne8 11.cxd5 cxd5 12.Re1 Rc8 13.Qd1 b5 14.Nf1 b4 15.h4 a5 16.Ng5 h6
17.Nh3 Ba6 18.Nh2 Qc7 19.Qg4 Kh7 20.Nf4 Qc2 21.Nxd5 exd5 22.Qxd7 Rc7 23.Qxd5
Bd3 24.Qb3 a4 25.Qxc2 Rxc2 26.Nf1 Kg8 27.Ne3 Rc8 28.Nd5 Bd8 29.Nxb4 Bb5 30.Bd2
Ba5 31.Rac1 Nc7 32.d5 Na6 33.a3 Nc5 34.Bh3 Bd7 35.Rxc5 Rxc5 36.Bxd7 Rd8
37.Bxa4 Rcxd5 38.Nxd5 Bxd2 39.Ne7+ Kf8 40.Nc6 {#r} 1-0

[Event "PRO League Group Stage"]
[Site "masterchessopen.com chess.com INT"]
[Date "2017.02.15"]
[Round "6"]
[White "Finegold,B"]
[Black "Brown,Michael William"]
[Result "0-1"]
[WhiteElo "2483"]
[BlackElo "2452"]

1.d4 Nf6 2.c4 e6 3.Nc3 Bb4 4.Qc2 O-O 5.Bg5 c5 6.e3 Nc6 7.Nf3 h6 8.Bh4 cxd4
9.exd4 d5 10.Rd1 b6 11.Be2 dxc4 12.O-O Be7 13.Bxc4 Bb7 14.a3 Nd5 15.Bxd5 Bxh4
16.Ba2 Bf6 17.d5 exd5 18.Nxd5 Ne5 19.Nxe5 Bxe5 20.Rfe1 Qg5 21.h4 Qh5 22.Qe4
Rae8 23.Nf6+ Bxf6 24.Qxb7 Rxe1+ 25.Rxe1 Bxb2 26.Qxa7 Bd4 27.Qe7 Qf5 28.Qe2 Bc5
29.Bb1 Qf4 30.h5 f5 31.Rf1 Kh8 32.Qe6 Rf6 33.Qe8+ Rf8 34.Qe6 Qg5 35.Qe2 Bxa3
36.Rd1 Bc5 37.Qf3 Qg4 38.Rd3 Qxf3 39.Rxf3 f4 40.Bg6 Bd6 41.Rd3 Rd8 42.Kf1 Kg8
43.Ke2 Kf8 44.Kf3 Ke7 45.Rd5 Ke6 46.Rd2 b5 47.Re2+ Kf6 48.Rd2 b4 49.Rd3 Ke6
50.Kg4 Rb8 51.Bf5+ Ke7 52.Rb3 Rb5 53.Bg6 Kf6 54.Kf3 Ra5 55.Be8 Ra3 56.Rxa3
bxa3 {#R} 0-1

[Event "PRO League Group Stage"]
[Site "masterchessopen.com chess.com INT"]
[Date "2017.02.15"]
[Round "6"]
[White "Sadhwani,Raunak"]
[Black "Kovalenko,I"]
[Result "1-0"]
[WhiteElo "2218"]
[BlackElo "2684"]

1.e4 e6 2.d4 d5 3.exd5 exd5 4.Bd3 Nf6 5.Ne2 Bd6 6.O-O O-O 7.Bf4 Bg4 8.Bxd6
Qxd6 9.Qd2 Bxe2 10.Qxe2 Re8 11.Qd2 Nc6 12.c3 Ne7 13.Na3 Ng6 14.Bxg6 hxg6
15.Rfe1 a6 16.Rxe8+ Rxe8 17.Re1 Re6 18.Rxe6 fxe6 19.Nc2 e5 20.dxe5 Qxe5 21.Qe1
Qxe1+ 22.Nxe1 Kf7 23.Kf1 Ke6 24.Ke2 c5 25.Nd3 b6 26.h3 g5 27.Ke3 a5 28.g4 Nd7
29.f4 c4 30.f5+ Kd6 31.Ne1 Ne5 32.Nc2 Nc6 33.Ne1 Ne5 34.Nc2 Nd3 35.b3 Nc1
36.bxc4 dxc4 37.a3 Nb3 38.Ne1 Ke5 39.Nf3+ Kf6 40.Ke4 b5 41.Kd5 Ke7 42.Nxg5 Nc1
43.Kc5 b4 44.cxb4 c3 45.Kc4 axb4 46.axb4 Na2 47.Kb3 Nxb4 48.Kxc3 Nd5+ 49.Kd4
Nf4 50.Ke4 Ne2 51.Ne6 Kf6 52.g5+ Kf7 53.Kf3 Nc1 54.h4 Nd3 55.Nd8+ Ke7 56.Nc6+
Kd6 57.Nd4 Ke7 58.Kg4 Kf7 59.Nf3 Nf2+ 60.Kh5 Nd3 61.Nd2 Ne5 62.Ne4 Ke7 63.g6
Kf8 64.Kg5 Nf3+ 65.Kg4 Ne5+ 66.Kf4 Nd3+ 67.Kg5 Ne5 68.h5 Nf3+ 69.Kf4 Nd4
70.Nc5 Kg8 71.Ne6 Ne2+ 72.Kg5 Ng3 73.Nc5 Kf8 74.Ne6+ Kg8 75.Nc5 Kf8 76.Kg4 Nf1
77.Kf4 Kg8 78.Ne6 Nd2 79.f6 gxf6 80.h6 Nc4 81.h7+ Kh8 82.Nd8 Kg7 83.Nf7 Kxg6
84.h8=Q Kxf7 85.Qh7+ Kf8 86.Qh8+ Ke7 87.Qg7+ Kd6 88.Qxf6+ Kc5 89.Qe7+ Kd5
90.Qf7+ Kd4 91.Qd7+ Kc5 92.Ke4 Nd6+ 93.Ke3 Kd5 94.Kd3 Ke5 95.Qe7+ Kd5 96.Qg5+
Ke6 97.Kd4 Nf5+ 98.Ke4 Nd6+ 99.Kf4 Kd7 100.Qg7+ Kc6 101.Ke5 Nc4+ 102.Ke6 Kc5
103.Qd7 Kb4 104.Qd4 Kb3 105.Kd5 Na3 106.Qd3+ Kb2 107.Kd4 Nc2+ 108.Ke4 Kc1
109.Qc3 Kd1 110.Qd3+ Kc1 111.Qd5 Kb2 112.Kf3 Nb4 113.Qd4+ Kb3 114.Ke2 Nc2
115.Qd3+ Kb2 116.Kd2 Na3 117.Qc3+ Ka2 118.Kc1 Nc4 119.Qxc4+ Ka3 120.Qb5 Ka2
121.Qb2# 1-0

[Event "PRO League Group Stage"]
[Site "masterchessopen.com chess.com INT"]
[Date "2017.02.15"]
[Round "6"]
[White "Sadhwani,Raunak"]
[Black "Meskovs,N"]
[Result "0-1"]
[WhiteElo "2218"]
[BlackElo "2490"]

1.e4 c5 2.Nf3 Nc6 3.d4 cxd4 4.Nxd4 e6 5.Nc3 Qc7 6.Be3 a6 7.Be2 Nf6 8.O-O Bb4
9.Na4 Be7 10.c4 Nxe4 11.c5 O-O 12.Rc1 Rd8 13.Bf3 Ng5 14.Nb6 Nxf3+ 15.Nxf3 Rb8
16.Nc4 Nb4 17.a3 Nd5 18.Bg5 f6 19.Bh4 Qxc5 20.Bg3 Ra8 21.b4 Qa7 22.Bd6 Bxd6
23.Nxd6 Qb8 24.Ne4 b6 25.Nd4 Bb7 26.Re1 Rc8 27.Rxc8+ Qxc8 28.Qd2 Qf8 29.h4 Rc8
30.h5 Rc4 31.h6 gxh6 32.Ng3 Qg7 33.Re4 Qg5 34.Qe2 Rc1+ 35.Kh2 Nc3 36.Qf3 Nxe4
37.Nxe4 Qh4+ 38.Qh3 Qxh3+ 39.gxh3 Bxe4 {#R} 0-1

[Event "PRO League Group Stage"]
[Site "masterchessopen.com chess.com INT"]
[Date "2017.02.15"]
[Round "6"]
[White "Toolin,C"]
[Black "Shankland,S"]
[Result "0-1"]
[WhiteElo "2209"]
[BlackElo "2674"]

1.d4 Nf6 2.c4 g6 3.f3 e6 4.Nc3 d5 5.e3 Bg7 6.Bd3 O-O 7.Nge2 c5 8.cxd5 cxd4
9.exd4 Nxd5 10.O-O Nc6 11.Be4 b6 12.Bxd5 exd5 13.Be3 Re8 14.Bf2 Ba6 15.Re1 Qd7
16.Qa4 Bc4 17.b3 b5 18.Qa6 Bxe2 19.Nxe2 Nb4 20.Qa5 Nc2 21.Nf4 Nxa1 22.Rxa1
Rac8 23.Nd3 Rc2 24.Nc5 Rxc5 25.dxc5 Bxa1 26.Qa6 Re6 27.Qa3 d4 28.Qc1 Bc3
29.Qf4 d3 {#R} 0-1

[Event "PRO League Group Stage"]
[Site "masterchessopen.com chess.com INT"]
[Date "2017.02.15"]
[Round "6"]
[White "Kleijn,C"]
[Black "O'Cinneide,M"]
[Result "1-0"]
[WhiteElo "2437"]
[BlackElo "2227"]

1.e4 e6 2.d4 d5 3.Nc3 Bb4 4.e5 c5 5.a3 Bxc3+ 6.bxc3 Ne7 7.Nf3 Nbc6 8.a4 Qc7
9.Ba3 b6 10.Bd3 Bd7 11.O-O Na5 12.Ng5 h6 13.Qh5 O-O 14.Nh7 Rfd8 15.Nf6+ Kf8
16.Bc1 Ng8 17.Nh7+ Ke8 18.Qg4 g5 19.Bxg5 hxg5 20.Qxg5 Bc8 21.Bb5+ Nc6 22.Qxg8+
Ke7 23.Qg5+ Ke8 24.Nf6+ Kf8 25.Rad1 Bd7 26.Rd3 {#r} 1-0

[Event "PRO League Group Stage"]
[Site "masterchessopen.com chess.com INT"]
[Date "2017.02.15"]
[Round "6"]
[White "Kozak,Adam"]
[Black "Nakyp,Rakhimjan"]
[Result "1-0"]
[WhiteElo "2338"]
[BlackElo "2096"]

1.d4 Nf6 2.c4 g6 3.Nc3 d5 4.cxd5 Nxd5 5.e4 Nxc3 6.bxc3 Bg7 7.Qa4+ Bd7 8.Qa3
O-O 9.Nf3 Nc6 10.Be2 e5 11.d5 Ne7 12.O-O Bg4 13.h3 Bxf3 14.Bxf3 Qd6 15.c4 b6
16.c5 Qxc5 17.Qxc5 bxc5 18.Ba3 Nc8 19.Bxc5 Nd6 20.Rfc1 f5 21.Ba3 fxe4 22.Bg4
Rf6 23.Bc5 h5 24.Be6+ Kh7 25.Be3 Bh6 26.Rxc7+ Bg7 27.Bg5 Rff8 28.Be7 Ne8
29.Rb7 Rf4 30.g3 Rf3 31.Re1 Bf8 32.Bxf8+ {#r} 1-0

[Event "PRO League Group Stage"]
[Site "masterchessopen.com chess.com INT"]
[Date "2017.02.15"]
[Round "6"]
[White "Chirila,I"]
[Black "Troff,Kayden W"]
[Result "1-0"]
[WhiteElo "2533"]
[BlackElo "2511"]

1.d4 Nf6 2.c4 g6 3.Nc3 d5 4.cxd5 Nxd5 5.Bd2 Bg7 6.e4 Nxc3 7.Bxc3 O-O 8.h4 Nc6
9.Ne2 e5 10.d5 Nd4 11.Nxd4 exd4 12.Bxd4 Re8 13.f3 Qxd5 14.Bxg7 Qxd1+ 15.Rxd1
Kxg7 16.Bc4 Be6 17.Bxe6 Rxe6 18.Kf2 Rae8 19.g4 Rc6 20.Rd2 h6 21.h5 g5 22.Rhd1
Re5 23.Rd7 Rec5 24.Ke3 Rc2 25.R1d2 Rxd2 26.Rxd2 Rc1 27.e5 Re1+ 28.Kd4 f6
29.exf6+ Kxf6 30.Rf2 c6 31.f4 b6 32.fxg5+ Kxg5 33.Rf7 Kxg4 34.Rxa7 Re6 35.Ra6
c5+ 36.Kd5 Rf6 37.Ke5 Kg5 38.a4 Rf5+ 39.Kd6 Rf6+ 40.Kc7 Kxh5 41.Rxb6 Rf7+
42.Kc6 Ra7 43.Kb5 Kg5 44.a5 h5 45.a6 h4 46.Rb7 Ra8 47.a7 h3 48.Kb6 Rh8 49.Rb8
h2 50.Rxh8 {#r} 1-0

[Event "PRO League Group Stage"]
[Site "masterchessopen.com chess.com INT"]
[Date "2017.02.15"]
[Round "6"]
[White "Chirila,I"]
[Black "Stopa,Ja"]
[Result "1-0"]
[WhiteElo "2533"]
[BlackElo "2479"]

1.d4 f5 2.Bf4 Nf6 3.e3 g6 4.h4 h6 5.Qf3 d6 6.Qg3 Rg8 7.Bc4 e6 8.Nd2 Nc6 9.f3
Nh5 10.Qf2 Nxf4 11.exf4 Qf6 12.Ne2 Bd7 13.O-O-O Bg7 14.c3 d5 15.Bd3 O-O-O
16.Nb3 Kb8 17.Kb1 g5 18.Nc5 g4 19.fxg4 fxg4 20.Qe3 Bc8 21.g3 Bf8 22.b4 a5
23.a3 b6 24.Nb3 axb4 25.axb4 Ne7 26.Kb2 Nf5 27.Qd2 c5 28.Bxf5 exf5 29.bxc5
bxc5 30.dxc5 Rg7 31.Ned4 Rb7 32.Kc2 Re8 33.Na5 Bxc5 34.Nxb7 Bxb7 35.Rhe1 Re4
36.Rb1 Kc8 37.Rxe4 fxe4 38.Qe2 Bxd4 39.cxd4 Qxd4 40.Qd2 Qa4+ 41.Kc1 Bc6 42.Qb4
Qxb4 43.Rxb4 Kc7 44.Kd2 Kd6 45.Ke3 Kc5 46.Rd4 Bd7 47.Rd1 Be6 48.Rc1+ Kd6
49.Kd4 Bd7 50.Rc5 Be6 51.Ra5 Bf7 52.Ra6+ Ke7 53.Rxh6 {#r} 1-0

[Event "PRO League Group Stage"]
[Site "masterchessopen.com chess.com INT"]
[Date "2017.02.15"]
[Round "6"]
[White "Chakravarthi,Y"]
[Black "Pon,M"]
[Result "1-0"]
[WhiteElo "2047"]
[BlackElo "2165"]

1.d4 Nf6 2.Bf4 g6 3.e3 Bg7 4.Nf3 d6 5.Be2 O-O 6.O-O Nbd7 7.h3 Nh5 8.Bg5 h6
9.Bh4 g5 10.Ne1 Nhf6 11.Bg3 Ne4 12.Bh2 f5 13.Bd3 Qe8 14.f3 Nef6 15.Bxf5 e6
16.Bd3 Nd5 17.Qe2 Qh5 18.a3 e5 19.Bc4 c6 20.e4 Nb6 21.exd5 cxd5 22.Bd3 Bd7
23.dxe5 dxe5 24.Nd2 Rae8 25.Bb5 Re7 26.Bxd7 Rxd7 27.Nd3 e4 28.Nc5 Bd4+ 29.Kh1
Bxc5 30.Qb5 Be3 31.Nxe4 dxe4 32.Qb3+ Rdf7 33.Qxe3 exf3 34.Rf2 fxg2+ 35.Rxg2
Nd5 36.Qe6 Nf6 37.Rf1 Re8 38.Qb3 Kg7 39.Rgf2 Qg6 40.Kg1 Qe4 41.Qc3 Kg6
42.Rxf6+ Rxf6 43.Qxf6+ Kh5 44.Bg3 Qe3+ 45.Kh2 Qe6 46.Qf3+ Kg6 47.Qxb7 Re7
48.Qf3 h5 49.Re1 Qd7 50.Qd3+ Qxd3 51.cxd3 Rd7 52.Rd1 Kf5 53.d4 Rb7 54.b4 Ke4
55.d5 Rd7 56.d6 h4 57.Bf2 Kf3 58.Bxa7 g4 59.hxg4 Kxg4 60.Bc5 Kf4 61.a4 {#r}
1-0

[Event "PRO League Group Stage"]
[Site "masterchessopen.com chess.com INT"]
[Date "2017.02.15"]
[Round "6"]
[White "Chakravarthi,Y"]
[Black "Klaver,C"]
[Result "1-0"]
[WhiteElo "2047"]
[BlackElo "2117"]

1.d4 d5 2.Bf4 e6 3.e3 Bd6 4.Bxd6 Qxd6 5.Qg4 Kf8 6.Nd2 f5 7.Qg3 Qxg3 8.hxg3 Nf6
9.c4 c6 10.Ne2 Nbd7 11.Nf4 Kf7 12.Nf3 Ne4 13.Bd3 g5 14.Ne2 Kg6 15.Nd2 Nxd2
16.Kxd2 Nf6 17.f3 h5 18.Rh2 Bd7 19.Rah1 Kg7 20.Nc3 Rh6 21.c5 Rah8 22.b4 a6
23.a4 h4 24.gxh4 Rxh4 25.Rxh4 Rxh4 26.Rxh4 gxh4 27.b5 axb5 28.axb5 Nh7 29.b6
Ng5 30.Ke2 h3 31.gxh3 Nxh3 32.f4 Kh6 33.Kf3 Kh5 34.Kg3 Ng1 35.Kg2 Kg4 36.Kxg1
Kf3 37.Nd1 Bc8 38.Kf1 Bd7 39.Ke1 Bc8 40.Be2+ Ke4 41.Kd2 Bd7 42.Nf2# 1-0

[Event "PRO League Group Stage"]
[Site "masterchessopen.com chess.com INT"]
[Date "2017.02.15"]
[Round "6"]
[White "Naroditsky,D"]
[Black "Gareev,T"]
[Result "0-1"]
[WhiteElo "2646"]
[BlackElo "2617"]

1.e4 e5 2.Nf3 Nc6 3.Bb5 a6 4.Ba4 d6 5.Bxc6+ bxc6 6.d4 f6 7.c4 g6 8.Qa4 Bd7
9.c5 Nh6 10.O-O Nf7 11.Nc3 Be7 12.b3 O-O 13.Bb2 Qe8 14.Qc4 Bg4 15.Nd2 exd4
16.Qxd4 dxc5 17.Qe3 Rd8 18.Nc4 Be6 19.Qe2 f5 20.exf5 Bxf5 21.Rfe1 Bh4 22.Qf3
Ng5 23.Qf4 Rd4 24.Qxc7 Bxf2+ 25.Kxf2 Bb1+ {#R} 0-1

[Event "PRO League Group Stage"]
[Site "masterchessopen.com chess.com INT"]
[Date "2017.02.15"]
[Round "6"]
[White "Adu,O"]
[Black "Podvin,F"]
[Result "0-1"]
[WhiteElo "2288"]
[BlackElo "2145"]

1.e4 c5 2.Nf3 Nc6 3.d3 g6 4.g3 Bg7 5.Bg2 d6 6.O-O Nf6 7.Re1 O-O 8.c3 e5 9.a3
a5 10.a4 Re8 11.Na3 h6 12.Nb5 {#R} 0-1

[Event "PRO League Group Stage"]
[Site "masterchessopen.com chess.com INT"]
[Date "2017.02.15"]
[Round "6"]
[White "Lapite,Oluwadurotimi"]
[Black "Kevlishvili,Robby"]
[Result "0-1"]
[WhiteElo "2067"]
[BlackElo "2417"]

1.e4 c5 2.Nf3 d6 3.Bb5+ Nc6 4.O-O Bd7 5.Re1 Nf6 6.d4 cxd4 7.Nxd4 e6 8.Nc3 Be7
9.Bg5 O-O 10.Qd3 a6 11.Bxc6 bxc6 12.e5 dxe5 13.Rxe5 Ng4 14.Re4 Bxg5 15.Rxg4
Bf6 16.Rd1 Qe7 17.Re4 Rfd8 18.Qc4 c5 19.Nf5 Qf8 20.Ng3 Bb5 21.Qb3 Bxc3 22.Rxd8
Rxd8 23.Qxc3 Rd1+ 24.Re1 Qd6 25.Nh5 Qd4 26.h3 Qxc3 27.Rxd1 Qa5 {#R} 0-1

[Event "PRO League Group Stage"]
[Site "masterchessopen.com chess.com INT"]
[Date "2017.02.15"]
[Round "6"]
[White "Cremisi,Daniel Josef"]
[Black "Guseinov,G"]
[Result "0-1"]
[WhiteElo "2148"]
[BlackElo "2643"]

1.d4 Nf6 2.Nf3 g6 3.Bf4 Bg7 4.e3 O-O 5.h3 d6 6.Nbd2 Nbd7 7.c3 b6 8.Be2 Bb7
9.O-O Qe8 10.Bh2 e5 11.a4 a6 12.Qb3 Qe7 13.Rfd1 Rad8 14.Ne1 Rfe8 15.Bf1 h5
16.Nc2 a5 17.Ne1 Nh7 18.Qc2 Ng5 19.Ndf3 Nf8 20.Nxg5 Qxg5 21.dxe5 dxe5 22.Rxd8
Rxd8 23.Rd1 Bc6 24.Rxd8 Qxd8 25.b3 Ne6 26.Bc4 Bd5 27.Bxd5 Qxd5 28.c4 Qd6
29.Nd3 f6 30.Kf1 Kf7 31.Nc1 Nc5 32.Ke2 Qc6 33.Kf1 Bf8 34.Nd3 Qe4 35.Ke2 Qxg2
36.Nxc5 Bxc5 37.Bg3 Qxh3 38.Qe4 Qg4+ 39.Qxg4 hxg4 40.Kd3 Ke6 41.Bh4 g5 42.Bg3
f5 43.Ke2 f4 44.Bh2 Kf5 45.Kd3 g3 46.fxg3 f3 47.Bg1 e4+ 48.Kd2 Kg4 {#R} 0-1